ბათუმის შოთა რუსთაველის სახელმწიფო უნივერსიტეტის ბიბლიოთეკა

ალიონის ვარსკვლავები (ბიბ.ჩანაწერი № 42834)

000 -LEADER
fixed length control field 00954nam a2200229Ia 4500
001 - CONTROL NUMBER
control field 9540
003 - CONTROL NUMBER IDENTIFIER
control field GE_BSU
008 - FIXED-LENGTH DATA ELEMENTS--GENERAL INFORMATION
fixed length control field 181216s||||||||xx |||||||||||||| ||und||
040 ## - CATALOGING SOURCE
Transcribing agency GE_BSU
080 ## - UNIVERSAL DECIMAL CLASSIFICATION NUMBER
Universal Decimal Classification number 82-93
100 ## - MAIN ENTRY--PERSONAL NAME
Personal name მეგრელიძე,ლიდია
245 ## - TITLE STATEMENT
Title ალიონის ვარსკვლავები
245 ## - TITLE STATEMENT
Remainder of title საბავშვო ლექსები და მოთხრობები,ქრონიკები
245 ## - TITLE STATEMENT
Statement of responsibility, etc. რედ.ნ.ლორთქიფანიძე.მხატვ.ვ.გიორგობიანი
260 ## - PUBLICATION, DISTRIBUTION, ETC.
Place of publication, distribution, etc. თბილისი
260 ## - PUBLICATION, DISTRIBUTION, ETC.
Name of publisher, distributor, etc. ნაკადული
260 ## - PUBLICATION, DISTRIBUTION, ETC.
Date of publication, distribution, etc. 1968
300 ## - PHYSICAL DESCRIPTION
Extent 298გვ.1ფ.პორტრ.20სმ.
653 ## - INDEX TERM--UNCONTROLLED
Uncontrolled term ალიონის ვარსკვლავები
653 ## - INDEX TERM--UNCONTROLLED
Uncontrolled term საბავშვო ლექსები და მოთხრობები,ქრონიკები
942 ## - ADDED ENTRY ELEMENTS (KOHA)
Koha item type წიგნი
ეგზემპლარები
Withdrawn status Lost status Damaged status Not for loan Date acquired Barcode Date last seen Price effective from Koha item type
        2018-12-17 32492 2018-12-17 2018-12-17 წიგნი